Les chansons de Daniel Balavoine (Mort subite) - Statistiques

Statistiques générales
  • Ce quiz a été pris 914 fois
  • Le résultat moyen est 6 sur 15
Answers on the Grid
Answers color-coded by a green-red scale on the quiz's grid according to % correct below.
Pour la femme veuve qui s'éveille
Lucie
Quand la musique est bonne
Diego libre dans sa tête
Frappe avec ta tête
Le blues du businessman
L'Aziza
Petite Marie
Petit homme mort au combat
Evidemment
Lipstick Polychrome
Noir c'est noir
Vivre ou survivre
Quelques mots d'amour
Je marche seul
Les oiseaux
On ira
Lady Marlène
Juste après
La fillette de l'étang
Mademoiselle Chang
Tu me plais beaucoup
Bahia
Love Linda
Le paradis blanc
Chanson sur ma drôle de vie
Le chanteur
Foule sentimentale
Dieu que l'amour est triste
Soulève moi
 
Statistiques - réponses
Réponse % Correct
L'Aziza
92%
Le chanteur
72%
Vivre ou survivre
71%
Pour la femme veuve qui s'éveille
43%
Lipstick Polychrome
40%
Lucie
36%
Dieu que l'amour est triste
35%
Petit homme mort au combat
35%
Lady Marlène
33%
Frappe avec ta tête
24%
Les oiseaux
23%
Soulève moi
20%
La fillette de l'étang
19%
Tu me plais beaucoup
17%
Love Linda
13%
Aucun quiz correspondant
Distribution des résultats
% des personnes avec chaque résultat
Percentile par nombre de réponses
Votre historique - résultats
Vous n’avez pas pris ce quiz